Israel (Record no. 89380)

MARC details
000 -LEADER
campo de control de longitud fija 00681nam a2200217 i 4500
001 - NÚMERO DE CONTROL
campo de control 89380
003 - IDENTIFICADOR DE NÚMERO DE CONTROL
campo de control ES-MaACL
005 - FECHA Y HORA DE LA ÚLTIMA TRANSACCIÓN
campo de control 20230906180147.0
007 - CAMPO FIJO DE DESCRIPCIÓN FÍSICA--INFORMACIÓN GENERAL
campo de control de longitud fija t|
008 - DATOS DE LONGITUD FIJA--INFORMACIÓN GENERAL
campo de control de longitud fija 050110s1954 sp ||||1| spa d
100 1# - ENTRADA PRINCIPAL--NOMBRE DE PERSONA
Nombre de persona Larsson, Marten J.
9 (RLIN) 70379
245 10 - MENCIÓN DEL TÍTULO
Título Israel
Resto del título : una nación en marcha /
Mención de responsabilidad, etc. Marten J. Larsson ; [versión española de Jan Gehlin].
250 ## - MENCION DE EDICION
Mención de edición [1ª ed.].
260 ## - PUBLICACIÓN, DISTRIBUCIÓN, ETC.
Lugar de publicación, distribución, etc. Barcelona :
Nombre del editor, distribuidor, etc. Ediciones y Publicaciones,
Fecha de publicación, distribución, etc. 1954 (
Fabricante Fomento)
300 ## - DESCRIPCIÓN FÍSICA
Extensión 141 p., 30 lám. :
Otras características físicas il. ;
Dimensiones 22 cm.
490 1# - MENCIÓN DE SERIE
Mención de serie El mundo es así
700 1# - ENTRADA AGREGADA--NOMBRE PERSONAL
Nombre de persona Gehlin, Jan.
9 (RLIN) 56209
830 0# - PUNTO DE ACCESO ADICIONAL DE SERIE-TÍTULO UNIFORME
Título uniforme El mundo es así
9 (RLIN) 184035
852 ## - LOCALIZACIÓN
Ubicación ES-MaACL
Número de control de estantería C-6768
Sublocalización o colección R.35945
Holdings
Estatus retirado Estado de pérdida Estado de daño No para préstamo Biblioteca de origen Biblioteca actual Ubicación en estantería Fecha de adquisición Fuente de adquisición Total de préstamos Signatura topográfica completa Código de barras Visto por última vez Precio de reemplazo Tipo de ítem Koha
        Biblioteca del Ateneo de Madrid Biblioteca del Ateneo de Madrid Sala Palomar 17/01/2008     C-6768 1093349 23/02/2023 23/02/2023 Libro impreso